00382nam a2200145Ia 4500008004100000020001500041041001200056082001600068100001300084245005900097260003900156300000800195650001600203700001700219221030s9999 xx 000 0 und d a8129702460 aEnglish a105.23bBor aA. Borem 0aUnderstanding Biotechnologycby A. Borem, F. R. Santos bPearson EducationaNew Delhic2005 a216 aBE Computer aF. R. Santos